Individual, family and community : (Record no. 18271)
[ view plain ]
| 000 -LEADER | |
|---|---|
| fixed length control field | 00594nam a22002177a 4500 |
| 003 - CONTROL NUMBER IDENTIFIER | |
| control field | OSt |
| 005 - DATE AND TIME OF LATEST TRANSACTION | |
| control field | 20140310183013.0 |
| 008 - FIXED-LENGTH DATA ELEMENTS--GENERAL INFORMATION | |
| fixed length control field | 130212t xxu||||| |||| 00| 0 eng d |
| 020 ## - INTERNATIONAL STANDARD BOOK NUMBER | |
| International Standard Book Number | 9711110954 |
| 050 ## - LIBRARY OF CONGRESS CALL NUMBER | |
| Classification number | RA 447 |
| Item number | .W721 2000 |
| 100 ## - MAIN ENTRY--PERSONAL NAME | |
| Personal name | Williams, Phoebe Dauz. |
| 245 ## - TITLE STATEMENT | |
| Title | Individual, family and community : |
| Statement of responsibility, etc | Williams, Phoebe Dauz |
| Remainder of title | promoting and restoring health and well-being. / |
| 260 ## - PUBLICATION, DISTRIBUTION, ETC. (IMPRINT) | |
| Place of publication, distribution, etc | Quezon City : |
| Name of publisher, distributor, etc | JMC Press, |
| Date of publication, distribution, etc | 2000. |
| 300 ## - PHYSICAL DESCRIPTION | |
| Extent | 516 p. : |
| Dimensions | 25 cm. |
| 521 ## - TARGET AUDIENCE NOTE | |
| Target audience note | |
| 562 ## - COPY AND VERSION IDENTIFICATION NOTE | |
| Number of copies | 1 |
| 942 ## - ADDED ENTRY ELEMENTS (KOHA) | |
| Source of classification or shelving scheme | Library of Congress Classification |
| Koha item type | Books |
| Call number prefix | Local |
| Withdrawn status | Lost status | Source of classification or shelving scheme | Damaged status | Home library | Current library | Shelving location | Date acquired | Source of acquisition | Total Checkouts | Full call number | Barcode | Date last seen | Copy number | Price effective from | Koha item type | Date checked out |
|---|---|---|---|---|---|---|---|---|---|---|---|---|---|---|---|---|
| Library of Congress Classification | Archives | Archives | 02/12/2013 | Donation | RA 447 .W721 2000 | C4799 | 05/15/2018 | 1 | 02/12/2013 | Books | ||||||
| Library of Congress Classification | College Library | College Library | General Circulation Section | 12/16/2013 | RA 447 .W721 2000 | C4798 | 05/15/2018 | 2 | 12/16/2013 | Books | ||||||
| Library of Congress Classification | College Library | College Library | General Circulation Section | 12/16/2013 | 1 | RA 447 .W721 2000 | C4797 | 09/15/2023 | 3 | 12/16/2013 | Books | 09/08/2023 |